00413nam a22001217a 4500020000800000040001600008082001600024100004000040245009000080250002400170260005900194300003800253 qHB. cFizza Ishaq a904705bAHM aInc. American History Publications. aMHQ: The Quarterly Journal of Military History /cInc. American History Publications. aVolume 9, Number 2. aNew York :bInc. American History Publications,c1997. a112 p, ;c11.1 x 8.6 x .5 inches